Normal view
MARC view
Entry Personal Name
001 - CONTROL NUMBER
- control field: 69051
003 - CONTROL NUMBER IDENTIFIER
- control field: dpl
005 - DATE AND TIME OF LATEST TRANSACTION
- control field: 20240730112649.0
008 - FIXED-LENGTH DATA ELEMENTS
- fixed length control field: 240730|| aca||aabn | a|a d
040 ## - CATALOGING SOURCE
- Original cataloging agency: dpl
- Transcribing agency: dpl
100 ## - HEADING--PERSONAL NAME
- Personal name: शर्मा, सत्यनारायण
670 ## - SOURCE DATA FOUND
- Source citation: Work cat.: (dpl)204601: शर्मा, सत्यनारायण, प्रवासी महाकवि प्रो हरिशंकर आदेश का हिन्दी साहित्य मे योगदान:, 2023
